| 000 | 00342nam a2200109 4500 | ||
|---|---|---|---|
| 999 |
_c10570 _d10570 |
||
| 008 | 180906b ||||| |||| 00| 0 eng d | ||
| 245 | _aHawaii seeks to hire more Filipino medical technologists- governor. | ||
| 260 |
_aPhilippines _bManila Bulletin _cc2017 |
||
| 300 | _apage 11. | ||
| 650 | 0 |
_930966 _aInternational relations. |
|
| 942 |
_2ddc _cPER |
||